| 000 | 00648nam a2200217Ia 4500 | ||
|---|---|---|---|
| 003 | GCL | ||
| 008 | 140319s9999 xx 000 0 ara d | ||
| 040 |
_aGCL / _cGCL |
||
| 082 | 0 | 4 |
_a808.4 _bم ف |
| 100 | 1 | _aمحمد يوسف نجم | |
| 245 | 1 | 0 |
_aفن المقالة / _cمحمد يوسف نجم |
| 300 | _a128 ص | ||
| 490 |
_aالهيئة العامة للاستعلامات _v0 |
||
| 650 | 0 | 4 | _aالادب العربى |
| 650 | 0 | 4 | _aالادب |
| 650 | 0 | 4 | _aالمقالات العربية |
| 650 | 0 | 4 | _aالمقالات |
| 650 | 0 | 4 | _aالادب - مجموعات |
| 650 | 0 | 4 | _aالمقالات- تاريخ ونقد |
| 942 |
_2ddc _cBK |
||
| 999 |
_c48141 _d48141 |
||